[Event "msr_zs_ss_201819"]
[Site "?"]
[Date "2019.03.27"]
[Round "5.16"]
[White "Porubcin, Tomas"]
[Black "Obrocnikova, Viktoria"]
[Result "0-1"]
[WhiteElo "1000"]
[BlackElo "1232"]
[PlyCount "66"]
[EventDate "2019.??.??"]
[WhiteClock "0:02:57"]
[BlackClock "0:04:23"]

1. e4 e5 2. Nf3 Nc6 3. Nc3 Bc5 4. Bc4 Nf6 5. d3 d6 6. Bg5 h6 7. Bh4 g5 8. Bg3
h5 9. h4 g4 10. Ng5 Rf8 11. Qd2 Qe7 12. O-O-O Be6 13. Bxe6 fxe6 14. Rhf1 Nh7
15. Nxh7 Qxh7 16. Qg5 Rg8 17. Qd2 O-O-O 18. Rfe1 Rdf8 19. Re2 Rf6 20. Nb5 a6
21. Nc3 Rgf8 22. Rf1 Nd4 23. Ree1 Qf7 24. Nd1 Nc6 25. Re2 Ne7 26. Ne3 Ng6 27.
Nc4 Nf4 28. Bxf4 Rxf4 29. g3 Rxf2 30. Rfxf2 Bxf2 31. Qb4 Qf3 32. Rd2 Be3 33.
Na5 Qf1# 0-1

[Event "msr_zs_ss_201819"]
[Site "?"]
[Date "2019.03.27"]
[Round "6.1"]
[White "Taragelova, Martina"]
[Black "Ondo, Tomas"]
[Result "1/2-1/2"]
[WhiteElo "1636"]
[BlackElo "1844"]
[PlyCount "147"]
[EventDate "2019.??.??"]
[WhiteClock "0:00:18"]
[BlackClock "0:00:21"]

1. e4 e5 2. Nf3 Nc6 3. d4 exd4 4. Nxd4 Bc5 5. Be3 Qf6 6. c3 Nge7 7. Bc4 Ne5 8.
Be2 N5g6 9. O-O Bb6 10. Nd2 d6 11. Nb5 O-O 12. Bxb6 cxb6 13. Qc2 d5 14. Nd4 Nc6
15. N4f3 Nf4 16. Rfe1 Nxe2+ 17. Rxe2 dxe4 18. Nxe4 Qg6 19. Ng3 Bg4 20. Qxg6
fxg6 21. Re3 Bxf3 22. gxf3 h5 23. Kg2 h4 24. Ne2 Rf5 25. Rd1 Raf8 26. Rdd3 Na5
27. b3 Nc6 28. Nd4 Rg5+ 29. Kf1 Ne5 30. Rd1 h3 31. Rde1 Nc6 32. R1e2 Nxd4 33.
cxd4 Rgf5 34. Rc2 R8f7 35. Ke2 Rg5 36. Re4 Rg2 37. Rc8+ Rf8 38. Rxf8+ Kxf8 39.
Rh4 Rxh2 40. Ke3 Kf7 41. a3 Rh1 42. Kf4 Rb1 43. b4 Rb3 44. Rxh3 Rxa3 45. Ke4
Rb3 46. Rh1 Rxb4 47. Rc1 Rb2 48. Rc7+ Kf8 49. Rxb7 a5 50. Kd3 Rxf2 51. Rxb6
Rxf3+ 52. Ke4 Rf6 53. Rb8+ Ke7 54. Ra8 Rf5 55. Ra7+ Kf6 56. Ra6+ Kg5 57. d5
Rf4+ 58. Ke5 Rf1 59. Rxa5 Re1+ 60. Kd6 Kh4 61. Ra4+ Kh5 62. Kd7 g5 63. d6 g4
64. Rc4 g3 65. Rc2 Kh4 66. Kc7 Rd1 67. d7 g5 68. d8=Q Rxd8 69. Kxd8 Kh3 70. Ke7
g2 71. Rc1 Kh2 72. Kf6 g1=Q 73. Rxg1 Kxg1 74. Kxg5 1/2-1/2

[Event "msr_zs_ss_201819"]
[Site "?"]
[Date "2019.03.27"]
[Round "6.2"]
[White "Ihnat, Marek"]
[Black "Pogadl, Jakub"]
[Result "1/2-1/2"]
[WhiteElo "1753"]
[BlackElo "1422"]
[PlyCount "64"]
[EventDate "2019.??.??"]
[WhiteClock "0:00:14"]
[BlackClock "0:01:03"]

1. e4 c5 2. Nf3 Nc6 3. d4 cxd4 4. Nxd4 Nf6 5. Nc3 e5 6. Ndb5 d6 7. Bg5 a6 8.
Na3 Be6 9. Nc4 Rc8 10. Ne3 Be7 11. Bxf6 Bxf6 12. Ncd5 Bxd5 13. Nxd5 Bg5 14. c3
O-O 15. h4 Bh6 16. g3 Ne7 17. Bh3 Rc5 18. Nxe7+ Qxe7 19. O-O Rd8 20. Bg2 Qc7
21. Qe2 a5 22. Rfd1 b5 23. a3 b4 24. axb4 axb4 25. cxb4 Rc2 26. Qd3 Rb8 27.
Qxd6 Qxd6 28. Rxd6 Rxb2 29. Rd5 f6 30. Rad1 R2xb4 31. Rd7 Rb1 32. R7d3 Kf8
1/2-1/2

[Event "msr_zs_ss_201819"]
[Site "?"]
[Date "2019.03.27"]
[Round "6.3"]
[White "Taragel, Marian"]
[Black "Polak, Marcel"]
[Result "0-1"]
[WhiteElo "1430"]
[BlackElo "1550"]
[PlyCount "94"]
[EventDate "2019.??.??"]
[WhiteClock "0:00:07"]
[BlackClock "0:00:51"]

1. e4 c5 2. Nf3 e6 3. d4 cxd4 4. Nxd4 Nc6 5. Be3 Nf6 6. Nc3 a6 7. Be2 Qc7 8.
O-O Bb4 9. f3 d5 10. exd5 exd5 11. Bg5 Qe5 12. Nxc6 bxc6 13. Bxf6 Qxf6 14. Qd3
O-O 15. a3 Bf5 16. Qd2 Bc5+ 17. Kh1 Rfe8 18. Bd3 Bd6 19. Bxf5 Qxf5 20. Rae1 Bf4
21. Qf2 h6 22. Re2 Re6 23. Rxe6 Qxe6 24. Re1 Qd6 25. g3 Be5 26. f4 Bxc3 27.
bxc3 Qxa3 28. Qd4 a5 29. Qe5 Qc5 30. Rb1 Qa7 31. Qd6 Rc8 32. Re1 Qb8 33. Qd7 a4
34. Kg2 a3 35. Re7 Rf8 36. Qxc6 a2 37. Qa4 Qb2 38. Ra7 Qxc3 39. Qxa2 Qd2+ 40.
Kh3 Rc8 41. Ra5 Rxc2 42. Ra8+ Kh7 43. Qa7 Qxh2+ 44. Kg4 h5+ 45. Kf5 Qh3+ 46.
Ke5 Qe6+ 47. Kd4 Qe4# 0-1

[Event "msr_zs_ss_201819"]
[Site "?"]
[Date "2019.03.27"]
[Round "6.4"]
[White "Majirska, Karin"]
[Black "Pogadl, Martin"]
[Result "0-1"]
[WhiteElo "1478"]
[BlackElo "1440"]
[PlyCount "117"]
[EventDate "2019.??.??"]
[WhiteClock "0:00:45"]
[BlackClock "0:00:48"]

1. c4 Nf6 2. d4 g6 3. Nc3 Bg7 4. Nf3 d6 5. h3 O-O 6. Bg5 Nbd7 7. e3 e5 8. Be2
h6 9. Bh4 c6 10. O-O Qc7 11. d5 c5 12. Nb5 Qb6 13. b3 a6 14. Nc3 g5 15. Bg3 Nh5
16. Rc1 f5 17. Nxe5 Nxg3 18. Nxd7 Nxe2+ 19. Qxe2 Bxd7 20. Qh5 Rae8 21. Rfe1 Qd8
22. e4 Bxc3 23. Rxc3 Qf6 24. Rf3 Kh7 25. Kh1 Qg6 26. Qxg6+ Kxg6 27. Rfe3 fxe4
28. Rxe4 Rxe4 29. Rxe4 Re8 30. f3 Rxe4 31. fxe4 Kf6 32. Kg1 Ke5 33. Kf2 Kxe4
34. Ke2 Kd4 35. Kd2 Bf5 36. a3 Be4 37. g3 Bg2 38. h4 gxh4 39. gxh4 Ke4 40. Ke2
Kf4 41. Kf2 Kg4 42. Kxg2 Kxh4 43. Kh2 Kg4 44. Kg2 h5 45. Kh2 Kf3 46. Kh3 Ke3
47. b4 cxb4 48. axb4 Kd4 49. c5 Kxd5 50. cxd6 Kxd6 51. Kh4 Kd5 52. Kxh5 Kc4 53.
Kg4 Kxb4 54. Kf3 Kb3 55. Ke3 a5 56. Kd2 Kb2 57. Kd3 a4 58. Kc4 a3 59. Kd4 0-1

[Event "msr_zs_ss_201819"]
[Site "?"]
[Date "2019.03.27"]
[Round "6.5"]
[White "Solcan, Martin"]
[Black "Kovac, Ondrej"]
[Result "0-1"]
[WhiteElo "1667"]
[BlackElo "1763"]
[PlyCount "92"]
[EventDate "2019.??.??"]
[WhiteClock "0:03:38"]
[BlackClock "0:03:52"]

1. d4 d5 2. Nf3 Nf6 3. Bf4 Bf5 4. e3 e6 5. c4 Bxb1 6. Rxb1 Bb4+ 7. Nd2 Ne4 8.
Qa4+ Nc6 9. Rd1 Bxd2+ 10. Rxd2 Nxd2 11. Kxd2 O-O 12. Bd3 dxc4 13. Qxc4 Re8 14.
Rc1 Rc8 15. Ke2 e5 16. dxe5 Nxe5 17. Bxe5 Rxe5 18. Rd1 Rd5 19. Qxd5 Qxd5 20.
Bxh7+ Kxh7 21. Rxd5 Kg6 22. e4 Kf6 23. f4 Ke6 24. Ke3 c5 25. f5+ Ke7 26. Kf4 b5
27. e5 a5 28. Ke4 c4 29. Rxb5 a4 30. Rb7+ Ke8 31. Ra7 Rb8 32. Rxa4 Rxb2 33. Kf3
c3 34. Rc4 c2 35. a4 Ra2 36. g4 Ra3+ 37. Kf4 Rxa4 38. Rxa4 c1=Q+ 39. Kg3 Qe3+
40. Kg2 Qxe5 41. Ra8+ Ke7 42. Ra7+ Kf6 43. Ra3 Kg5 44. h3 Qd5+ 45. Kf1 Qb5+ 46.
Kg2 Qb2+ 0-1

[Event "msr_zs_ss_201819"]
[Site "?"]
[Date "2019.03.27"]
[Round "6.6"]
[White "Stauder, Matej"]
[Black "Gallo, Gabriel"]
[Result "1-0"]
[WhiteElo "1483"]
[BlackElo "1474"]
[PlyCount "69"]
[EventDate "2019.??.??"]
[WhiteClock "0:00:12"]
[BlackClock "0:00:06"]

1. e4 e5 2. Nf3 Nc6 3. Bc4 Bc5 4. c3 Nf6 5. d3 O-O 6. Bb3 d6 7. O-O Be6 8. Bc2
Bb6 9. d4 exd4 10. cxd4 Bc4 11. Re1 Re8 12. Nc3 h6 13. h3 Ba5 14. Bf4 Ne7 15.
e5 dxe5 16. Nxe5 Be6 17. Re3 Ned5 18. Nxd5 Nxd5 19. Rf3 Bb6 20. Qd3 Nf6 21. Rd1
Bd5 22. Rg3 Be4 23. Qc4 Bd5 24. Qe2 Kh8 25. Qd2 Nh5 26. Bxh6 Nxg3 27. fxg3 Qf6
28. Bf4 c5 29. Qd3 g6 30. h4 cxd4 31. h5 Rg8 32. h6 Kh7 33. Nd7 Qe6 34. Ne5 Qf6
35. Ng4 1-0

[Event "msr_zs_ss_201819"]
[Site "?"]
[Date "2019.03.27"]
[Round "6.7"]
[White "Zilkay, Dominik"]
[Black "Sivcak, Matej"]
[Result "0-1"]
[WhiteElo "1435"]
[BlackElo "1281"]
[PlyCount "138"]
[EventDate "2019.??.??"]
[WhiteClock "0:00:07"]
[BlackClock "0:00:07"]

1. e4 Nf6 2. e5 Nd5 3. d4 d6 4. c4 Nb6 5. f4 g6 6. Nf3 Bg7 7. Nc3 dxe5 8. fxe5
Nc6 9. Be3 Bg4 10. c5 Nd5 11. Nxd5 Qxd5 12. Qb3 Qxb3 13. axb3 Nb4 14. Rc1 Nd5
15. Bf2 Bh6 16. Rc4 Be6 17. Ra4 Bd7 18. Rc4 Bb5 19. Rc2 Bc6 20. Bc4 Nf4 21. O-O
O-O 22. Bg3 Nd5 23. Bxd5 Bxd5 24. b4 Rad8 25. Bf2 Be4 26. Rc3 Bc6 27. Ne1 Bb5
28. Nd3 a6 29. Rd1 Rd7 30. Ne1 Be2 31. Ra1 Rfd8 32. Nc2 Bd2 33. Rg3 Kg7 34. Be3
Bxe3+ 35. Rxe3 Bc4 36. b3 Bb5 37. Rd1 f6 38. exf6+ exf6 39. Kf2 Rd5 40. Re4 Kf7
41. Ne3 R5d7 42. Kf3 Bc6 43. d5 Bxd5 44. Nxd5 Rxd5 45. Rxd5 Rxd5 46. Re3 Rd4
47. g3 Rxb4 48. Rc3 Rd4 49. Ke3 Rd5 50. Ke4 Re5+ 51. Kf4 Ke6 52. b4 g5+ 53. Kf3
f5 54. h3 Re4 55. Rb3 h5 56. b5 axb5 57. Rxb5 Rc4 58. Ke3 Rc3+ 59. Kf2 c6 60.
Rxb7 Rxc5 61. Rh7 g4 62. Rxh5 gxh3 63. Rxh3 Re5 64. Rh6+ Kd5 65. Kf3 Re4 66.
Rf6 Re5 67. Kf4 c5 68. Rf8 Re1 69. Kxf5 Rf1+ 0-1

[Event "msr_zs_ss_201819"]
[Site "?"]
[Date "2019.03.27"]
[Round "6.9"]
[White "Tokarcik, Patrik"]
[Black "Greno, Pavol"]
[Result "0-1"]
[WhiteElo "1361"]
[BlackElo "1351"]
[PlyCount "63"]
[EventDate "2019.??.??"]
[WhiteClock "0:00:15"]
[BlackClock "0:06:42"]

1. e4 c5 2. Nf3 Nc6 3. d4 cxd4 4. Nxd4 g6 5. Nc3 Bg7 6. Be3 Nf6 7. Be2 O-O 8.
O-O d5 9. exd5 Nxd5 10. Nxc6 bxc6 11. Nxd5 cxd5 12. c4 dxc4 13. Qxd8 Rxd8 14.
Bxc4 Bxb2 15. Rab1 Bf6 16. Be2 Bf5 17. Rb7 a5 18. Bc5 Rd7 19. Rxd7 Bxd7 20. Rd1
Bc6 21. Rc1 Bd5 22. a4 Rc8 23. Bg4 e6 24. Be3 Rxc1+ 25. Bxc1 Bb3 26. Bd2 Bd8
27. Be2 Bxa4 28. Bc4 Bc2 29. Kf1 a4 30. Bb4 Bf6 31. Ba3 Bc3 32. Ke2 0-1

[Event "msr_zs_ss_201819"]
[Site "?"]
[Date "2019.03.27"]
[Round "6.10"]
[White "Simon, Leonard"]
[Black "Tokarcik, Jan"]
[Result "0-1"]
[WhiteElo "1375"]
[BlackElo "1323"]
[PlyCount "98"]
[EventDate "2019.??.??"]
[WhiteClock "0:01:22"]
[BlackClock "0:00:59"]

1. d4 d5 2. Nf3 Nc6 3. Bf4 Nf6 4. e3 Bg4 5. Be2 e6 6. c3 Bf5 7. Bd3 Ne4 8. Nbd2
Bd6 9. Bg3 Nxg3 10. Bb5 Nxh1 11. Bxc6+ bxc6 12. Qa4 Qd7 13. Ke2 Nxf2 14. Kxf2
Rb8 15. b3 O-O 16. h3 Bd3 17. Rd1 Bb5 18. Qa5 Rb6 19. c4 Ra6 20. Qc3 dxc4 21.
bxc4 Ba4 22. Rg1 c5 23. g4 Bc6 24. Qb2 f5 25. gxf5 Rxf5 26. e4 Rf8 27. d5 exd5
28. exd5 Ba8 29. Ne4 Qf7 30. Neg5 Qf6 31. Qc2 g6 32. Qe2 Ra3 33. h4 h6 34. Qe6+
Qxe6 35. Nxe6 Rfxf3+ 36. Ke2 Rae3+ 37. Kd2 Rxe6 38. dxe6 Bf4+ 39. Ke2 Re3+ 40.
Kf2 Rxe6 41. h5 g5 42. Rf1 Rf6 43. Ke2 g4 44. a4 Bf3+ 45. Kf2 Bd2 46. Kg1 Be3+
47. Kh2 Rf5 48. Re1 Rxh5+ 49. Kg3 Rh3# 0-1

[Event "msr_zs_ss_201819"]
[Site "?"]
[Date "2019.03.27"]
[Round "6.11"]
[White "Tokarcikova, Diana"]
[Black "Kuzma, Samuel"]
[Result "0-1"]
[WhiteElo "1358"]
[BlackElo "1394"]
[PlyCount "80"]
[EventDate "2019.??.??"]
[WhiteClock "0:00:21"]
[BlackClock "0:04:59"]

1. e4 e6 2. d4 d5 3. exd5 exd5 4. Nf3 Bd6 5. Bd3 Ne7 6. O-O O-O 7. Re1 Bg4 8.
h3 Bh5 9. Nc3 c6 10. Be2 Nd7 11. Be3 Re8 12. Qd2 Qc7 13. a3 Nf5 14. Bg5 h6 15.
Be3 Nxe3 16. fxe3 Re7 17. Bd3 Rae8 18. e4 dxe4 19. Nxe4 Bf4 20. Qf2 Bg6 21.
Rad1 Bxe4 22. Bxe4 Bg3 23. Qd2 Bxe1 24. Rxe1 Rxe4 25. Rxe4 Rxe4 26. Qd3 Qf4 27.
c3 Nf6 28. Kh1 Qc1+ 29. Kh2 Qxb2 30. Ne5 Qe2 31. Qxe2 Rxe2 32. Nf3 Re3 33. c4
Rxa3 34. Nd2 a5 35. c5 Nd5 36. Ne4 Rd3 37. Nd6 Rxd4 38. Nxb7 a4 39. Na5 Nb4 40.
Nb3 axb3 0-1

[Event "msr_zs_ss_201819"]
[Site "?"]
[Date "2019.03.27"]
[Round "6.12"]
[White "Sekova, Olivia"]
[Black "Balon, Peter"]
[Result "0-1"]
[WhiteElo "1081"]
[BlackElo "1000"]
[PlyCount "104"]
[EventDate "2019.??.??"]
[WhiteClock "0:00:38"]
[BlackClock "0:04:29"]

1. e4 e5 2. Nf3 Nc6 3. Bb5 Bc5 4. O-O d6 5. c3 Bg4 6. Bxc6+ bxc6 7. d4 exd4 8.
cxd4 Bb6 9. Be3 Nf6 10. Nc3 h6 11. d5 cxd5 12. exd5 Bxe3 13. fxe3 Qe7 14. Re1
O-O 15. h3 Bh5 16. Rc1 Rab8 17. b3 Ne4 18. Qc2 Nxc3 19. Qxc3 c5 20. dxc6 Rfc8
21. Nd4 Rb6 22. Nf5 Qg5 23. Nxd6 Bf3 24. Qd2 Rc7 25. Nc4 Rbxc6 26. e4 Qxd2 27.
Nxd2 Rxc1 28. Nxf3 Rxe1+ 29. Nxe1 Rc1 30. Kf2 Kh7 31. Nf3 Rc2+ 32. Ke3 Rxa2 33.
Ne5 f6 34. Nf3 Rxg2 35. Nh4 Rg3+ 36. Kd4 Rxh3 37. Nf5 Rxb3 38. Kc4 Rb8 39. Kd5
a5 40. Nd4 a4 41. Kc4 a3 42. Nc2 a2 43. Kd5 Rc8 44. Na1 Rc1 45. Nb3 Rb1 46. Nd2
Rd1 47. Kc4 a1=Q 48. Kd3 Qa3+ 49. Kc2 Qc1+ 50. Kb3 Rxd2 51. Kb4 Rb2+ 52. Ka4
Qa1# 0-1

[Event "msr_zs_ss_201819"]
[Site "?"]
[Date "2019.03.27"]
[Round "6.13"]
[White "Dudasova, Daniela"]
[Black "Cedzo, Adam"]
[Result "0-1"]
[WhiteElo "1000"]
[BlackElo "1468"]
[PlyCount "44"]
[EventDate "2019.??.??"]
[WhiteClock "0:06:52"]
[BlackClock "0:09:56"]

1. d4 Nf6 2. e3 g6 3. Nf3 Bg7 4. Bd3 d6 5. O-O Bg4 6. Bb5+ c6 7. Bd3 Nbd7 8. b3
e5 9. Bb2 e4 10. Bxe4 Nxe4 11. Nbd2 Nxd2 12. Qxd2 Bxf3 13. gxf3 Qg5+ 14. Kh1
Qh5 15. Rg1 Qxf3+ 16. Rg2 Nf6 17. Kg1 Ne4 18. Qe1 c5 19. Rd1 O-O 20. Bc3 Nxc3
21. Qxc3 Qxd1+ 22. Qe1 Qxe1# 0-1

[Event "msr_zs_ss_201819"]
[Site "?"]
[Date "2019.03.27"]
[Round "6.14"]
[White "Gartner, Mikulas"]
[Black "Smajdova, Viktoria"]
[Result "1-0"]
[WhiteElo "1334"]
[BlackElo "1000"]
[PlyCount "39"]
[EventDate "2019.??.??"]
[WhiteClock "0:05:54"]
[BlackClock "0:01:30"]

1. d4 e6 2. c4 Nc6 3. Nc3 Nf6 4. e4 Bb4 5. Bg5 O-O 6. e5 Bxc3+ 7. bxc3 h6 8.
Bxf6 gxf6 9. Qg4+ Kh7 10. Bd3+ f5 11. Qh3 Qg5 12. Nf3 Qe7 13. g4 d6 14. g5 dxe5
15. Qxh6+ Kg8 16. Rg1 Rd8 17. g6 f6 18. g7 Rd7 19. Qh8+ Kf7 20. g8=Q# 1-0

[Event "msr_zs_ss_201819"]
[Site "?"]
[Date "2019.03.27"]
[Round "6.15"]
[White "Hudak, Jan"]
[Black "Kovalcik, Marko"]
[Result "1/2-1/2"]
[WhiteElo "1000"]
[BlackElo "1244"]
[PlyCount "44"]
[EventDate "2019.??.??"]
[WhiteClock "0:07:28"]
[BlackClock "0:04:13"]

1. d4 d5 2. e3 e6 3. Nf3 c5 4. Nc3 Nc6 5. Na4 b6 6. Bb5 Bb7 7. Ne5 Rc8 8. Qd3
c4 9. Qe2 a6 10. Nxc6 Bxc6 11. Bxc6+ Rxc6 12. e4 b5 13. Nc5 Bxc5 14. dxc5 Rxc5
15. Qg4 Qf6 16. O-O Nh6 17. Bxh6 Qxh6 18. exd5 Rxd5 19. Qe4 O-O 20. Rad1 Rfd8
21. Rxd5 exd5 22. Qe7 Qf6 1/2-1/2

[Event "msr_zs_ss_201819"]
[Site "?"]
[Date "2019.03.27"]
[Round "6.16"]
[White "Obrocnikova, Viktoria"]
[Black "Surmaj, Jakub"]
[Result "0-1"]
[WhiteElo "1232"]
[BlackElo "1000"]
[PlyCount "30"]
[EventDate "2019.??.??"]
[WhiteClock "0:08:32"]
[BlackClock "0:08:46"]

1. e4 e5 2. Nf3 Nc6 3. Bc4 Nf6 4. Ng5 d5 5. exd5 Nxd5 6. Nxf7 Kxf7 7. Qf3+ Qf6
8. Bxd5+ Be6 9. Bxc6 bxc6 10. Qxc6 Rc8 11. Nc3 Qf5 12. O-O Bd6 13. d3 Qh5 14.
Be3 e4 15. dxe4 Qxh2# 0-1

[Event "msr_zs_ss_201819"]
[Site "?"]
[Date "2019.03.27"]
[Round "7.1"]
[White "Kovac, Ondrej"]
[Black "Simonova, Stela"]
[Result "1-0"]
[WhiteElo "1763"]
[BlackElo "1422"]
[PlyCount "69"]
[EventDate "2019.??.??"]
[WhiteClock "0:00:29"]
[BlackClock "0:00:07"]

1. d4 Nf6 2. Bf4 e6 3. e3 c5 4. c3 d5 5. Nf3 Bd6 6. Bg3 O-O 7. Bd3 Qc7 8. Nbd2
Nbd7 9. e4 dxe4 10. Bxe4 e5 11. dxe5 Nxe5 12. O-O Bg4 13. Qc2 Rfe8 14. Rfe1
Nxe4 15. Nxe5 Bxe5 16. Nxe4 Bxg3 17. Nxg3 Rad8 18. Qa4 Bd7 19. Qh4 Be6 20. Rad1
Rxd1 21. Rxd1 Bxa2 22. Qa4 Qc8 23. Qxa2 Rd8 24. Rxd8+ Qxd8 25. h3 a6 26. Qb3
Qd7 27. Qb6 Qe7 28. Kh2 h6 29. Qa7 Kh7 30. Qb8 a5 31. Qf4 b6 32. Nf5 Qf6 33.
Qe4 Qg6 34. Nd6 f5 35. Qxf5 1-0

[Event "msr_zs_ss_201819"]
[Site "?"]
[Date "2019.03.27"]
[Round "7.2"]
[White "Lopata, Daniel"]
[Black "Stauder, Matej"]
[Result "0-1"]
[WhiteElo "1519"]
[BlackElo "1483"]
[PlyCount "62"]
[EventDate "2019.??.??"]
[WhiteClock "0:00:08"]
[BlackClock "0:01:11"]

1. d4 Nf6 2. c4 g6 3. Nc3 Bg7 4. Nf3 d6 5. e4 O-O 6. Bd3 e5 7. d5 Nfd7 8. Qc2
Nc5 9. Be3 Nxd3+ 10. Qxd3 f5 11. b4 a5 12. bxa5 Rxa5 13. O-O Ra3 14. Qc2 f4 15.
Bd2 g5 16. Nb5 Ra8 17. c5 g4 18. Ne1 Rf7 19. cxd6 cxd6 20. a4 Bf8 21. Rc1 Na6
22. Qc3 Nc5 23. Qc2 Rxa4 24. Bc3 Rxe4 25. Bb2 f3 26. g3 Re2 27. Qc3 Bd7 28. Ba3
Bxb5 29. Bxc5 dxc5 30. Nd3 Qxd5 31. Rfd1 Qd4 0-1

[Event "msr_zs_ss_201819"]
[Site "?"]
[Date "2019.03.27"]
[Round "7.3"]
[White "Sivcak, Matej"]
[Black "Seman, Lukas"]
[Result "1-0"]
[WhiteElo "1281"]
[BlackElo "1361"]
[PlyCount "67"]
[EventDate "2019.??.??"]
[WhiteClock "0:01:19"]
[BlackClock "0:00:07"]

1. e4 c5 2. d4 cxd4 3. c3 Nc6 4. cxd4 g6 5. Nc3 Bg7 6. Nf3 d6 7. Bc4 Bg4 8.
Bxf7+ Kxf7 9. Ng5+ Ke8 10. Qxg4 Nxd4 11. O-O Nf6 12. Qd1 Nc6 13. Ne6 Qd7 14.
Nxg7+ Kf7 15. Bh6 Ne5 16. Qd2 Neg4 17. Rad1 Nxh6 18. Qxh6 Ng8 19. Qg5 Kxg7 20.
e5 Nh6 21. Nd5 Rhe8 22. exd6 exd6 23. Qf6+ Kg8 24. Qg5 Nf7 25. Nf6+ Kg7 26. Qf4
g5 27. Nxe8+ Rxe8 28. Qd4+ Kg8 29. Rfe1 Rd8 30. Qd5 Qc7 31. Rc1 Qd7 32. Re3 h6
33. Rce1 Qc7 34. Re7 1-0

[Event "msr_zs_ss_201819"]
[Site "?"]
[Date "2019.03.27"]
[Round "7.4"]
[White "Varga, Damian"]
[Black "Cirska, Nina"]
[Result "0-1"]
[WhiteElo "1000"]
[BlackElo "1152"]
[PlyCount "84"]
[EventDate "2019.??.??"]
[WhiteClock "0:08:22"]
[BlackClock "0:00:25"]

1. d4 Nf6 2. c4 d5 3. Bf4 Bf5 4. e3 e6 5. Nf3 Nc6 6. Bd3 Bxd3 7. Qxd3 Bd6 8.
Bg5 h6 9. Bh4 Be7 10. c5 Ne4 11. Bxe7 Qxe7 12. Nc3 Nxc3 13. Qxc3 Qd7 14. O-O
O-O 15. Qb3 b6 16. Rac1 Rfe8 17. Qb5 a6 18. Qb3 b5 19. a4 Rab8 20. axb5 axb5
21. Ra1 Ne7 22. Ne5 Qd8 23. Ra5 f6 24. Nf3 c6 25. Re1 Ng6 26. Raa1 e5 27. Qd3
e4 28. Qc2 Nf8 29. Nd2 Ra8 30. Nb3 f5 31. Qe2 Qg5 32. f3 h5 33. h3 Qh6 34. Qf2
g5 35. g4 hxg4 36. fxg4 fxg4 37. hxg4 Ne6 38. Qh2 Qxh2+ 39. Kxh2 Rac8 40. Ra6
Kg7 41. Na5 Nd8 42. Rh1 Rh8+ 0-1

[Event "msr_zs_ss_201819"]
[Site "?"]
[Date "2019.03.27"]
[Round "7.5"]
[White "Volcko, Richard"]
[Black "Taragelova, Martina"]
[Result "1-0"]
[WhiteElo "1835"]
[BlackElo "1636"]
[PlyCount "55"]
[EventDate "2019.??.??"]
[WhiteClock "0:05:41"]
[BlackClock "0:00:29"]

1. e4 e5 2. Nf3 Nc6 3. Bb5 a6 4. Ba4 Nf6 5. d3 b5 6. Bb3 Be7 7. c3 d6 8. O-O
O-O 9. Re1 Na5 10. Bc2 c5 11. Nbd2 Nc6 12. Nf1 Re8 13. Ng3 Bf8 14. d4 cxd4 15.
cxd4 Bg4 16. Be3 Bxf3 17. Qxf3 exd4 18. Bg5 Ne5 19. Qd1 Qb6 20. Nf5 Nc4 21. b3
Na3 22. Bd3 b4 23. Bxf6 gxf6 24. Qh5 Re5 25. f4 Rc5 26. e5 dxe5 27. Ne7+ Bxe7
28. Qxh7+ 1-0

[Event "msr_zs_ss_201819"]
[Site "?"]
[Date "2019.03.27"]
[Round "7.6"]
[White "Pogadl, Jakub"]
[Black "Ferkova, Dominika"]
[Result "0-1"]
[WhiteElo "1422"]
[BlackElo "1766"]
[PlyCount "60"]
[EventDate "2019.??.??"]
[WhiteClock "0:00:13"]
[BlackClock "0:00:34"]

1. c4 e5 2. g3 Nf6 3. Bg2 d5 4. e3 Be7 5. cxd5 Nxd5 6. d4 Bb4+ 7. Bd2 exd4 8.
exd4 O-O 9. Bxb4 Nxb4 10. Ne2 Bf5 11. O-O c6 12. Nbc3 N8a6 13. d5 cxd5 14. Nxd5
Rb8 15. Nec3 Nxd5 16. Qxd5 Qxd5 17. Bxd5 Nb4 18. Bb3 Rbd8 19. Rad1 Nd3 20. Bc2
Bg6 21. Bxd3 Bxd3 22. Rfe1 Ba6 23. Rxd8 Rxd8 24. Rd1 Re8 25. a3 Kf8 26. Kg2 g6
27. Kf3 Re7 28. Nd5 Rd7 29. Nc3 Re7 30. Nd5 Be2+ 0-1

[Event "msr_zs_ss_201819"]
[Site "?"]
[Date "2019.03.27"]
[Round "7.7"]
[White "Billy, Benedikt"]
[Black "Taragel, Marian"]
[Result "0-1"]
[WhiteElo "1414"]
[BlackElo "1430"]
[PlyCount "130"]
[EventDate "2019.??.??"]
[WhiteClock "0:05:21"]
[BlackClock "0:01:36"]

1. e4 e5 2. Bc4 Nf6 3. Nc3 Nc6 4. d3 h6 5. Nf3 d6 6. h3 Be7 7. O-O O-O 8. Nd5
Nxd5 9. Bxd5 Be6 10. Bxc6 bxc6 11. d4 f6 12. dxe5 fxe5 13. b3 Qe8 14. c4 Qg6
15. Kh2 Qxe4 16. Be3 Qg6 17. a4 e4 18. Nd4 Bd7 19. f3 exf3 20. Rxf3 Rxf3 21.
Qxf3 Rf8 22. Qe2 Qe4 23. Bg1 Qf4+ 24. g3 Qf6 25. Qg2 c5 26. Nc2 Qc3 27. Rb1 Bf5
28. Rc1 Qxb3 29. Qe2 Bg5 30. Be3 Re8 31. g4 Bxc2 32. Rxc2 Qxe3 33. Qxe3 Rxe3
34. Rb2 Rc3 35. Rb7 Rxc4 36. Rxa7 Bd2 37. Kg3 Rc3+ 38. Kg2 Ra3 39. Rxc7 Rxa4
40. Rd7 Rd4 41. Kf3 c4 42. h4 Bc1 43. g5 hxg5 44. hxg5 Bxg5 45. Rc7 d5 46. Ke2
Rd3 47. Rc8+ Kf7 48. Rc7+ Kf6 49. Rc6+ Ke5 50. Rg6 Bf6 51. Rg1 Kd4 52. Rg4+ Kc3
53. Rg1 Rd2+ 54. Ke3 Bd4+ 55. Kf3 Bxg1 56. Kf4 Kd3 57. Ke5 c3 58. Kd6 c2 59.
Ke5 c1=Q 60. Kd6 Qc5+ 61. Ke5 Re2+ 62. Kf4 Qd4+ 63. Kf5 Qe5+ 64. Kg4 Rg2+ 65.
Kf3 Qe4# 0-1

[Event "msr_zs_ss_201819"]
[Site "?"]
[Date "2019.03.27"]
[Round "7.8"]
[White "Pogadl, Martin"]
[Black "Roman, Filip"]
[Result "1-0"]
[WhiteElo "1440"]
[BlackElo "1316"]
[PlyCount "58"]
[EventDate "2019.??.??"]
[WhiteClock "0:00:12"]
[BlackClock "0:00:11"]

1. Nf3 Nc6 2. g3 e5 3. d3 d5 4. Bg2 Nf6 5. Nbd2 Bc5 6. O-O O-O 7. e4 dxe4 8.
dxe4 Re8 9. c3 a5 10. Qc2 Be6 11. Ng5 Qd7 12. Nxe6 Rxe6 13. Bh3 Rd8 14. Bxe6
Qxe6 15. Nf3 h6 16. Be3 Bxe3 17. fxe3 Qc4 18. Rfd1 Rxd1+ 19. Rxd1 Qxa2 20. Rf1
Qc4 21. Nd2 Qc5 22. Qd3 Ng4 23. Rf3 Qb6 24. h3 Nf6 25. Nc4 Qb5 26. Rf5 a4 27.
Kf1 Kf8 28. Ke2 Ne8 29. Qd5 Qxd5 1-0

[Event "msr_zs_ss_201819"]
[Site "?"]
[Date "2019.03.27"]
[Round "7.9"]
[White "Greno, Pavol"]
[Black "Dudasova, Daniela"]
[Result "1-0"]
[WhiteElo "1351"]
[BlackElo "1000"]
[PlyCount "37"]
[EventDate "2019.??.??"]
[WhiteClock "0:08:43"]
[BlackClock "0:07:30"]

1. e4 d6 2. d4 e6 3. f4 Be7 4. Nc3 Bd7 5. Nf3 Nf6 6. Bd3 O-O 7. e5 dxe5 8. fxe5
Nd5 9. Nxd5 exd5 10. Be3 Bg4 11. O-O Bxf3 12. Qxf3 f6 13. e6 Nc6 14. Qh3 h6 15.
Qg4 Qe8 16. Bxh6 Rf7 17. Bg6 Nd8 18. Bxf7+ Nxf7 19. Qxg7# 1-0

[Event "msr_zs_ss_201819"]
[Site "?"]
[Date "2019.03.27"]
[Round "7.10"]
[White "Smajdova, Viktoria"]
[Black "Simon, Leonard"]
[Result "0-1"]
[WhiteElo "1000"]
[BlackElo "1375"]
[PlyCount "140"]
[EventDate "2019.??.??"]
[WhiteClock "0:00:29"]
[BlackClock "0:10:32"]

1. e4 d5 2. d3 dxe4 3. dxe4 Qxd1+ 4. Kxd1 Nf6 5. Nc3 e5 6. Nf3 Nc6 7. Ke1 Bb4
8. Bd2 Bg4 9. Be2 O-O-O 10. a3 Ba5 11. b4 Bb6 12. Nb5 a6 13. Nc3 Bxf3 14. Bxf3
Bxf2+ 15. Kd1 Be3 16. Nd5 Nxd5 17. exd5 Bxd2 18. Kxd2 Ne7 19. Kc3 Nxd5+ 20.
Bxd5 Rxd5 21. Kb3 Rhd8 22. Rhe1 f5 23. c4 Rd3+ 24. Kc2 e4 25. Re2 e3 26. Rf1 g6
27. Rf3 Rd2+ 28. Rxd2 Rxd2+ 29. Kc1 Rxg2 30. Rxe3 Rxh2 31. Rf3 h5 32. Kd1 h4
33. Ke1 h3 34. Rg3 Rc2 35. Rxh3 Rxc4 36. Rg3 Rc6 37. Ke2 Kd7 38. Ke3 Rc3+ 39.
Kf4 g5+ 40. Rxg5 Rxa3 41. Rxf5 Ra4 42. Rd5+ Kc6 43. Rd4 Ra1 44. Ke5 Kb5 45. Kd5
Re1 46. Rf4 Rd1+ 47. Ke5 b6 48. Ke6 Re1+ 49. Kf5 c5 50. bxc5 Kxc5 51. Kf6 Rd1
52. Rf5+ Rd5 53. Rf4 b5 54. Ke6 a5 55. Rf2 Rd4 56. Rc2+ Rc4 57. Rd2 Rd4 58.
Rc2+ Kb4 59. Rb2+ Kc5 60. Rc2+ Rc4 61. Rd2 Rc3 62. Rd5+ Kc4 63. Kd6 Rd3 64.
Rxd3 Kxd3 65. Kc5 b4 66. Kb5 b3 67. Ka4 b2 68. Kxa5 b1=Q 69. Ka4 Kc4 70. Ka5
Qb5# 0-1